El folklore musical uruguayo
Guardat en:
| Autor principal: | |
|---|---|
| Format: | Llibre |
| Idioma: | espanyol |
| Publicat: |
Montevideo
Arca
1975
|
| Edició: | 3a. ed |
| Matèries: | |
| Etiquetes: |
Afegir etiqueta
Sense etiquetes, Sigues el primer a etiquetar aquest registre!
|
MARC
| LEADER | 00000nam a2200000 a 4500 | ||
|---|---|---|---|
| 001 | UCR8178 | ||
| 003 | CL-VaPUC | ||
| 008 | 980520e19750000UY |||||||||||||||||spa|d | ||
| 082 | 0 | 4 | |a 781.62 |b AYE |2 21 |
| 100 | 0 | |a Ayestarán, Lauro |e author |9 409856 | |
| 245 | 1 | 3 | |a El folklore musical uruguayo |
| 250 | |a 3a. ed | ||
| 300 | |a 182 p | ||
| 942 | |c BK | ||
| 945 | |d 19980520 00:00:00 |a mvenant | ||
| 260 | |a Montevideo |b Arca |c 1975 | ||
| 650 | 0 | |a Música folklórica |9 306412 | |
| 650 | 7 | |a FOLKLORE |2 CL-VaPUC |9 268291 | |
| 650 | 0 | |a Canciones folklóricas |9 339091 | |
| 650 | 0 | |a Costumbres y tradiciones |9 268292 | |
| 650 | 0 | |a Música popular |9 356085 | |
| 651 | 0 | |a Uruguay |9 255194 | |
| 583 | |a last modification |c 19980520 00:00:00 |k Rodrigo Vera | ||
| 999 | |c 269708 |d 269706 | ||
| 952 | |0 0 |1 0 |4 0 |6 781_620000000000000_AYE_1975 |7 0 |8 X |9 303574 |a FDOMLP |b FDOMLP |d 2019-11-20 |i 3426106 |o 781.62 AYE 1975 |p 3426106 |r 2019-11-20 |w 2019-11-20 |y BK_X |k BU2 | ||